00653nam a2200193 a 450000100100000000500170001000800410002702000150006804000250008310000390010824500840014726000700023130000270030149000140032853300320034270000230037471000480039783000140044500004033220201002034050.0130821s2005 mx 000 0 spa d a9703223836 aDO-SdBNPbspacBNPHU1 aJiménez, Juan Ramónd1881-195810aLa última erranza /cJuna Ramón Jiménez 19 grabados de Alberto Beltrán. aMéxico :bUniversidad Nacional Autónoma de México :,c2005. a28 p. :bil. ;c21 cm.1 aLunesv20 aFacsímil:bMéxicod19461 aBeltrán, Alberto2 aUniversidad Nacional Autónoma de México 0aLunesv20